=LDR 00000nam 2200000 4500 =001 INLIS000000000027132 =005 20130612125530 =008 ***********************************Ind** =035 ##$$0010-061300000027132 =041 ##$$a Ind =082 ##$$a 797.32 =090 ##$$a 797.32, Pow s =100 ##$$a Powell, Mark =245 ##$$a Selancar roda sebaris dan hoki, Mark Poewll, John Svenson ; penerjemah, Yan Sunarya =260 ##$$a 1996 $b Jakarta =300 ##$$a xi, 90 hlm, ilus, 26 cm =650 ##$$a Olah Raga Air =850 ##$$a NBPNMAT